000 00352nam a2200133Ia 4500
008 240624s9999 xx 000 0 und d
041 _aeng
082 _a828 RAG
100 _aRAGHUNATHAN V
245 _aGAMES INDIANS PLAY WHY WE ARE THE WAY WE
260 _c2006
_aNew Delhi
_bPenguin Portfolio
300 _axiv, : 170 : p. : cm. ; 19
365 _cRS
999 _c22848
_d22848